| 000 | 00552nam a2200193 a 4500 | ||
|---|---|---|---|
| 001 | 2277 | ||
| 003 | CDMR | ||
| 005 | 20131126130530.0 | ||
| 008 | 130130s1992||||||||||||||||||||||||||||d | ||
| 020 | _a2859000658 | ||
| 040 |
_aCDMR _bcat _cCDMR |
||
| 100 | 1 |
_aGuery, Louis _91692 |
|
| 245 | 1 | 3 |
_aLa presse régionale et locale _cLouis Guéry |
| 260 |
_aParis _c1992 _bCentre de Perfectionnament et Formation des Journalistes (CPFJ) |
||
| 300 |
_a126 p ; _c26 cm |
||
| 490 | 0 | _aConnaissance des Médias | |
| 650 | 0 | 4 |
_91693 _aPremsa comarcal |
| 942 |
_cMON _2udc |
||
| 999 |
_c2277 _d2277 |
||